<?xml version="1.0" encoding="UTF-8"?><marc:collection xmlns:marc="http://www.loc.gov/MARC21/slim">
  <marc:record>
    <marc:leader>00000nam##2200000za#4500</marc:leader>
    <marc:controlfield tag="001">9.625133</marc:controlfield>
    <marc:controlfield tag="003">CaOODSP</marc:controlfield>
    <marc:controlfield tag="005">20200327182345</marc:controlfield>
    <marc:controlfield tag="007">ta</marc:controlfield>
    <marc:controlfield tag="008">150406|1999||||xxc|||||     f|0| 0 fre|d</marc:controlfield>
    <marc:datafield tag="040" ind1=" " ind2=" ">
      <marc:subfield code="a">CaOODSP</marc:subfield>
      <marc:subfield code="b">fre</marc:subfield>
    </marc:datafield>
    <marc:datafield tag="043" ind1=" " ind2=" ">
      <marc:subfield code="a">n-cn---</marc:subfield>
    </marc:datafield>
    <marc:datafield tag="086" ind1="1" ind2=" ">
      <marc:subfield code="a">Fs97-6/2281F</marc:subfield>
    </marc:datafield>
    <marc:datafield tag="110" ind1="1" ind2=" ">
      <marc:subfield code="a">Canada. </marc:subfield>
      <marc:subfield code="b">Ministère des pêches et des océans.</marc:subfield>
    </marc:datafield>
    <marc:datafield tag="245" ind1="1" ind2="0">
      <marc:subfield code="a">Communautés ichtyennes côtières de l'estuaire du Saint-Laurent en 1996 et 1997 : </marc:subfield>
      <marc:subfield code="b">suite du suivi ichtyologique (1986-1995) / </marc:subfield>
      <marc:subfield code="c">par S. Bérubé et J.-D. Lambert. </marc:subfield>
    </marc:datafield>
    <marc:datafield tag="260" ind1=" " ind2=" ">
      <marc:subfield code="a">Ottawa - Ontario : </marc:subfield>
      <marc:subfield code="b">Pêches et Océans Canada </marc:subfield>
      <marc:subfield code="c">1999.</marc:subfield>
    </marc:datafield>
    <marc:datafield tag="300" ind1=" " ind2=" ">
      <marc:subfield code="a">ix, 62p. : </marc:subfield>
      <marc:subfield code="b">figures, graphiques, références, tableaux ; </marc:subfield>
      <marc:subfield code="c">28 cm.</marc:subfield>
    </marc:datafield>
    <marc:datafield tag="490" ind1="1" ind2=" ">
      <marc:subfield code="a">Rapport technique canadien des sciences halieutiques et aquatiques</marc:subfield>
      <marc:subfield code="v">2281</marc:subfield>
    </marc:datafield>
    <marc:datafield tag="500" ind1=" " ind2=" ">
      <marc:subfield code="a">«Depuis plusieurs années on remarque une baisse importante des captures de plusieurs espèces de poissons dans l'estuaire du Saint-Laurent... Ainsi, dans le cadre du programme d'évaluation de la qualité des habitats marins du plan d'action Saint-Laurent Vision 2000, le ministère des Pêches et des Océans a implanté un réseau de suivi ichtyologique le long des côtes de l'estuaire du Saint-Laurent afin de caractériser l'évolution temporelle de la ressource ichtyenne en milieu côtière... Les résultats de la première phase du suivi ont été publiés par Bérubé et Lambert (1997). Le présent rapport intègre les nouvelles données des années 1996 et 1997 aux résultats de 1986-1995. Ce type de suivi effectué sur plusieurs années nous fournit des données importantes sur la biologie des espèces qui fréquentent régulièrement ou occasionnellement les côtes de l'estuaire et s'avère un outil précieux pour l'évaluation de l'état de l'environnement marin.»--Page 1. Préparé par la Direction Régionale des Sciences, Ministère des Pêches et des Océans, Institut Maurice-Lamontagne, C.P. 1000, 850, route de la Mer, Mont-Joli (Québec) G5H 3Z4.</marc:subfield>
    </marc:datafield>
    <marc:datafield tag="520" ind1="3" ind2=" ">
      <marc:subfield code="a">Depuis plusieurs années on remarque une baisse importante des captures de plusieurs espèces de poissons dans l'estuaire du Saint-Laurent... Ainsi, dans le cadre du programme d'évaluation de la qualité des habitats marins du plan d'action Saint-Laurent Vision 2000, le ministère des Pêches et des Océans a implanté un réseau de suivi ichtyologique le long des côtes de l'estuaire du Saint-Laurent afin de caractériser l'évolution temporelle de la ressource ichtyenne en milieu côtière... Les résultats de la première phase du suivi ont été publiés par Bérubé et Lambert (1997). Le présent rapport intègre les nouvelles données des années 1996 et 1997 aux résultats de 1986-1995. Ce type de suivi effectué sur plusieurs années nous fournit des données importantes sur la biologie des espèces qui fréquentent régulièrement ou occasionnellement les côtes de l'estuaire et s'avère un outil précieux pour l'évaluation de l'état de l'environnement marin.--Page 1</marc:subfield>
    </marc:datafield>
    <marc:datafield tag="546" ind1=" " ind2=" ">
      <marc:subfield code="a">Abstracts in English</marc:subfield>
    </marc:datafield>
    <marc:datafield tag="590" ind1=" " ind2=" ">
      <marc:subfield code="a">99-41</marc:subfield>
      <marc:subfield code="b">1999-10-15</marc:subfield>
    </marc:datafield>
    <marc:datafield tag="720" ind1="1" ind2=" ">
      <marc:subfield code="a">Bérubé, S.</marc:subfield>
    </marc:datafield>
    <marc:datafield tag="720" ind1="1" ind2=" ">
      <marc:subfield code="a">Lambert, J.-D.</marc:subfield>
    </marc:datafield>
    <marc:datafield tag="776" ind1="0" ind2="#">
      <marc:subfield code="t">Communautés ichtyennes côtières de l'estuaire du Saint-Laurent en 1996 et 1997 : </marc:subfield>
      <marc:subfield code="w">(CaOODSP)9.604036</marc:subfield>
    </marc:datafield>
    <marc:datafield tag="830" ind1="#" ind2="0">
      <marc:subfield code="a">Rapport technique canadien des sciences halieutiques et aquatiques ;</marc:subfield>
      <marc:subfield code="v">2281</marc:subfield>
      <marc:subfield code="w">(CaOODSP)9.513051</marc:subfield>
    </marc:datafield>
  </marc:record>
</marc:collection>
